[Event "European Youth Chess Championship G14"]
[Site "Prague, Top Hotel Prague"]
[Date "2016.08.20"]
[Round "3.26"]
[White "Waszczuk, Patrycja"]
[Black "Katkov, Michelle"]
[Result "1-0"]
[WhiteElo "1859"]
[BlackElo "1619"]
[PlyCount "105"]
[EventDate "2016.08.18"]

1. e4 e5 2. Nf3 Nc6 3. Bb5 a6 4. Ba4 Nf6 5. O-O Nxe4 6. d4 b5 7. Bb3 d5 8. Nxe5
Nxe5 9. dxe5 Be6 10. c3 Bc5 11. Bc2 O-O 12. Qe2 f6 13. exf6 Qxf6 14. Be3 Bd6
15. f3 Qe5 16. f4 Qf6 17. Qf3 Rae8 18. Nd2 Bf5 19. Bb3 c6 20. Rae1 Qh4 21. g3
Qh6 22. Nxe4 Bxe4 23. Qd1 Qh3 24. Qd2 Kh8 25. Bc2 Qf5 26. Bxe4 Rxe4 27. Bf2
Rfe8 28. Qd1 Kg8 29. Rxe4 Rxe4 30. Re1 Kf7 31. Be3 g6 32. Qf3 Bc5 33. Kf2 Qe6
34. b4 Bxe3+ 35. Rxe3 Rxe3 36. Qxe3 d4 37. Qxe6+ Kxe6 38. cxd4 Kd5 39. Ke3 Kc4
40. g4 Kd5 41. Kd3 h5 42. gxh5 gxh5 43. h4 Ke6 44. Ke4 Kf6 45. f5 Kf7 46. Ke5
Ke7 47. f6+ Kf7 48. Kf5 Kf8 49. Ke6 Ke8 50. f7+ Kf8 51. a3 a5 52. bxa5 b4 53.
axb4 1-0

[Event "European Youth Chess Championship G14"]
[Site "Prague, Top Hotel Prague"]
[Date "2016.08.20"]
[Round "3.27"]
[White "Kucharska, Honorata"]
[Black "Pecorini, Angie"]
[Result "1-0"]
[WhiteElo "1851"]
[BlackElo "1625"]
[PlyCount "55"]
[EventDate "2016.08.18"]

1. e4 c5 2. b3 Nc6 3. Bb2 e6 4. Bb5 Nge7 5. Ne2 a6 6. Bxc6 Nxc6 7. d3 d5 8. Nd2
d4 9. O-O e5 10. f4 exf4 11. Nxf4 Bd6 12. Qh5 Ne5 13. Nc4 Nxc4 14. bxc4 O-O 15.
Bc1 f5 16. Nd5 g6 17. Qh6 Be5 18. Bg5 Bg7 19. Qh4 Qe8 20. Nc7 Qc6 21. Nxa8 b5
22. Bh6 Bxh6 23. Qxh6 bxc4 24. Rae1 Bb7 25. Nb6 Qxb6 26. exf5 Qc6 27. Rf2 Rxf5
28. Re7 1-0

[Event "European Youth Chess Championship G14"]
[Site "Prague, Top Hotel Prague"]
[Date "2016.08.20"]
[Round "3.28"]
[White "Rosenbaumova, Lea"]
[Black "Bellahcene, Meriem"]
[Result "1-0"]
[WhiteElo "1432"]
[BlackElo "1837"]
[PlyCount "123"]
[EventDate "2016.08.18"]

1. e4 c5 2. c3 d5 3. exd5 Qxd5 4. d4 Nf6 5. Nf3 Nc6 6. Be2 cxd4 7. cxd4 e6 8.
Nc3 Qd6 9. O-O Be7 10. Bg5 O-O 11. Qd2 a6 12. Rfd1 Rd8 13. Rac1 Qb4 14. a3 Qa5
15. Bf4 Bd7 16. b4 Qf5 17. Nh4 Ne4 18. Nxf5 Nxd2 19. Nxe7+ Nxe7 20. Rxd2 Bc6
21. Rcd1 Rac8 22. f3 Bxf3 23. Bxf3 Rxc3 24. Bxb7 Rxa3 25. d5 exd5 26. Bxd5 Nxd5
27. Rxd5 Rxd5 28. Rxd5 h6 29. Kf2 g5 30. Bd6 Kg7 31. Bc5 Kg6 32. h3 h5 33. Be7
Ra2+ 34. Kg1 f6 35. Rd6 Kf7 36. Bxf6 g4 37. hxg4 hxg4 38. Bh4 Ra4 39. Rd4 a5
40. Rxg4 axb4 41. Kh2 Ke6 42. Be1 Kf5 43. Rxb4 Ra3 44. g3 Re3 45. Bf2 Rd3 46.
Rd4 Rb3 47. Kh3 Rb1 48. Rf4+ Kg5 49. Be3 Kh5 50. Rf5+ Kg6 51. Kg4 Rb4+ 52. Rf4
Rb3 53. Re4 Rd3 54. Re6+ Kf7 55. Kf5 Rd5+ 56. Re5 Rd1 57. g4 Rf1+ 58. Bf4 Kg7
59. g5 Rf2 60. g6 Kg8 61. Kg5 Rg2+ 62. Kf6 1-0

[Event "European Youth Chess Championship G14"]
[Site "Prague, Top Hotel Prague"]
[Date "2016.08.20"]
[Round "3.29"]
[White "Moenster, Madita"]
[Black "Szczerbacewicz, Nastia"]
[Result "1-0"]
[WhiteElo "1808"]
[BlackElo "1565"]
[PlyCount "81"]
[EventDate "2016.08.18"]

1. e4 c5 2. Nf3 Nc6 3. d4 cxd4 4. Nxd4 Nf6 5. Nc3 e5 6. Ndb5 d6 7. Bg5 a6 8.
Na3 b5 9. Bxf6 gxf6 10. Nd5 f5 11. Bd3 Be6 12. c3 Bg7 13. Nxb5 axb5 14. Bxb5
Bd7 15. exf5 O-O 16. O-O Kh8 17. Qg4 Rb8 18. a4 Qc8 19. Qc4 Qd8 20. Bxc6 Rc8
21. Nb4 Bxc6 22. Nxc6 Qd7 23. Qh4 Qxc6 24. f6 Bh6 25. Qxh6 Rg8 26. g3 Rg6 27.
Qh4 Qf3 28. Qh3 Rcg8 29. Qg2 Qxf6 30. a5 Qd8 31. b4 d5 32. Rfd1 Rd6 33. b5 Qd7
34. b6 Qc6 35. Qf3 Kg7 36. Rdb1 Rb8 37. a6 Qa8 38. Qe3 Rd7 39. b7 Rbxb7 40.
axb7 Qxa1 41. Rxa1 1-0

[Event "European Youth Chess Championship G14"]
[Site "Prague, Top Hotel Prague"]
[Date "2016.08.20"]
[Round "3.30"]
[White "Hereklioglu, Sude"]
[Black "Mkrtchyan, Anahit"]
[Result "1-0"]
[WhiteElo "1801"]
[BlackElo "1561"]
[PlyCount "99"]
[EventDate "2016.08.18"]

1. e4 e5 2. Nf3 Nf6 3. Nc3 Nc6 4. a3 d5 5. exd5 Nxd5 6. Bb5 Nxc3 7. bxc3 Bd6 8.
O-O O-O 9. Re1 Qf6 10. h3 Bd7 11. Bb2 a6 12. Bc4 Qf4 13. d4 Rfe8 14. Bc1 Qf6
15. Bg5 Qf5 16. g4 Qg6 17. dxe5 Nxe5 18. Nxe5 Rxe5 19. Rxe5 Bxe5 20. Qxd7 Qxg5
21. Qxf7+ Kh8 22. Rb1 b5 23. Bd5 Rd8 24. c4 bxc4 25. Bxc4 g6 26. Re1 h5 27. Qe6
Bd6 28. Qe3 Bf4 29. Qe7 Qxe7 30. Rxe7 hxg4 31. hxg4 Bd6 32. Re6 Kg7 33. Bd3
Bxa3 34. Rxg6+ Kf7 35. Rxa6 Bd6 36. Ra4 Kf6 37. f4 Rg8 38. g5+ Ke7 39. g6 Kf6
40. f5 Re8 41. Rh4 Rf8 42. Rh7 Be5 43. Kg2 Kg5 44. Re7 Bd6 45. Re6 Rg8 46. Kf3
Rf8 47. g7 Rg8 48. Rg6+ Kh5 49. Bc4 Bf8 50. Bxg8 1-0

[Event "European Youth Chess Championship G14"]
[Site "Prague, Top Hotel Prague"]
[Date "2016.08.20"]
[Round "3.32"]
[White "Nemcova, Karin"]
[Black "Munte, Noa"]
[Result "1-0"]
[WhiteElo "1798"]
[BlackElo "1529"]
[PlyCount "55"]
[EventDate "2016.08.18"]

1. e4 c5 2. Nf3 Nc6 3. d4 cxd4 4. Nxd4 e5 5. Nb5 d6 6. N1c3 a6 7. Na3 b5 8. Nd5
Nge7 9. c4 Nxd5 10. Qxd5 Bd7 11. cxb5 Nd4 12. bxa6 Bc6 13. Qc4 Bxe4 14. Qb4 Bc6
15. Qd2 Qh4 16. Nc2 Qe4+ 17. Ne3 g6 18. Bd3 Qh4 19. Qd1 f5 20. Kf1 Be7 21. Nc2
Nf3 22. h3 e4 23. gxf3 exd3 24. Qxd3 Qa4 25. Nd4 Bd7 26. b3 Qa5 27. Bb2 Bf6 28.
Kg2 1-0

[Event "European Youth Chess Championship G14"]
[Site "Prague, Top Hotel Prague"]
[Date "2016.08.20"]
[Round "3.33"]
[White "Rinaudo, Giada"]
[Black "Plaza, Reino Leire"]
[Result "1-0"]
[WhiteElo "1754"]
[BlackElo "1124"]
[PlyCount "49"]
[EventDate "2016.08.18"]

1. Nf3 f5 2. g3 Nf6 3. Bg2 e6 4. d3 Be7 5. Nbd2 d6 6. O-O O-O 7. e4 fxe4 8.
dxe4 e5 9. b3 Be6 10. Bb2 Nc6 11. h3 Qe8 12. Qe2 Qh5 13. g4 Qg6 14. Nh2 Kh8 15.
c4 Rf7 16. f4 exf4 17. e5 dxe5 18. Bxe5 Nxe5 19. Qxe5 Rd8 20. Rad1 Rd6 21. c5
Rc6 22. Bxc6 bxc6 23. Qxe6 Bxc5+ 24. Kh1 Re7 25. Qf5 1-0

[Event "European Youth Chess Championship G14"]
[Site "Prague, Top Hotel Prague"]
[Date "2016.08.20"]
[Round "3.34"]
[White "Pribylova, Sofie"]
[Black "Janotkova, Katerina"]
[Result "1-0"]
[WhiteElo "1864"]
[BlackElo "1229"]
[PlyCount "67"]
[EventDate "2016.08.18"]

1. d4 f5 2. Nc3 Nf6 3. Bg5 e6 4. e4 Be7 5. Bxf6 Bxf6 6. exf5 exf5 7. Bc4 d6 8.
Nge2 c6 9. d5 Qe7 10. Qd3 Nd7 11. f4 Nc5 12. Qf3 Bd7 13. O-O-O Rc8 14. Rhe1 Qd8
15. Nd4+ Be7 16. dxc6 bxc6 17. b4 Nb7 18. Ne6 Bxe6 19. Bxe6 Rc7 20. Bxf5 O-O
21. Qh5 g6 22. Be6+ Kh8 23. Qg4 d5 24. a3 Qd6 25. f5 Bf6 26. Ne4 Qe5 27. Nxf6
Qxf6 28. fxg6 hxg6 29. Rd3 Qa1+ 30. Kd2 Rf2+ 31. Re2 Rxe2+ 32. Kxe2 Qf6 33. Rf3
Qe5+ 34. Kf2 1-0

[Event "European Youth Chess Championship G14"]
[Site "Prague, Top Hotel Prague"]
[Date "2016.08.20"]
[Round "3.35"]
[White "Laurincova, Kristyna"]
[Black "Rubsamen, Anais"]
[Result "1-0"]
[WhiteElo "1815"]
[BlackElo "1578"]
[PlyCount "105"]
[EventDate "2016.08.18"]

1. e4 g6 2. d4 Bg7 3. Nf3 c6 4. Bd3 d5 5. Nbd2 dxe4 6. Nxe4 Bxd4 7. Nxd4 Qxd4
8. Bd2 Nf6 9. Bc3 Qd8 10. Nxf6+ exf6 11. Qe2+ Be6 12. O-O-O Qe7 13. Rhe1 O-O
14. f4 Qc7 15. Qf2 Nd7 16. Qh4 Rae8 17. Be4 Bd5 18. Bxd5 cxd5 19. Rxe8 Rxe8 20.
Rxd5 Re6 21. Qh6 Re2 22. Rd2 Rxd2 23. Bxd2 Qc4 24. b3 Qf1+ 25. Kb2 Qxg2 26. Bc3
Qg4 27. h3 Qh5 28. Qxh5 gxh5 29. Bd4 a6 30. Kc3 Kf8 31. Kc4 Ke7 32. Kd5 Nb8 $11
33. Bc5+ Kd7 34. b4 Nc6 $11 35. a4 b6 36. b5 bxc5 37. bxc6+ Kc7 38. Kxc5 h4 39.
f5 h5 40. a5 Kc8 41. Kb6 Kb8 42. c7+ Kc8 43. c4 Kd7 44. Kb7 Kd6 45. c8=Q Ke7
46. Qc7+ Ke8 47. Qc6+ Ke7 48. c5 Kd8 49. Qxf6+ Kd7 50. c6+ Ke8 51. Kc8 Kf8 52.
Qh8+ Ke7 53. Qd8# 1-0

[Event "European Youth Chess Championship G14"]
[Site "Prague, Top Hotel Prague"]
[Date "2016.08.20"]
[Round "3.36"]
[White "Norlamo, Sarabella"]
[Black "Granovskaya, Ekaterina"]
[Result "1/2-1/2"]
[WhiteElo "1534"]
[BlackElo "1805"]
[PlyCount "59"]
[EventDate "2016.08.18"]

1. e4 e5 2. d4 exd4 3. Nf3 Nc6 4. Bc4 Bc5 5. O-O d6 6. c3 Bg4 7. h3 Bxf3 8.
Qxf3 Qf6 9. Qe2 Nge7 10. Rd1 Bb6 11. cxd4 Bxd4 12. Nc3 O-O-O 13. Nd5 Qh4 14.
Qf3 Rde8 15. Nxe7+ Qxe7 16. Bd5 Bb6 17. Qg4+ Qd7 18. Qxg7 Ne5 19. Bf4 Reg8 20.
Qh6 Rg6 21. Qh5 Rhg8 22. Bxe5 Rxg2+ 23. Kh1 R2g5 24. Qxh7 Bxf2 25. Bf4 R8g7 26.
Qh8+ Rg8 27. Qh7 R8g7 28. Qh8+ Rg8 29. Qh7 R8g7 30. Qh8+ 1/2-1/2

[Event "European Youth Chess Championship G14"]
[Site "Prague, Top Hotel Prague"]
[Date "2016.08.20"]
[Round "3.37"]
[White "Hrysogelou, Athanasia-Panagiot"]
[Black "Markova, Kristyna"]
[Result "1/2-1/2"]
[WhiteElo "1695"]
[BlackElo "1536"]
[PlyCount "89"]
[EventDate "2016.08.18"]

1. d4 d5 2. c4 e6 3. Nc3 Nf6 4. Bg5 Be7 5. e3 h6 6. Bh4 O-O 7. Nf3 b6 8. Rc1
Bb7 9. Bxf6 Bxf6 10. cxd5 exd5 11. b4 c6 12. Bd3 Qd6 13. Qb3 Nd7 14. O-O a5 15.
bxa5 Rxa5 16. Bf5 Bd8 17. Bxd7 Qxd7 18. Ne5 Qe6 19. Ne2 Bc7 20. Nf4 Qc8 21. Rb1
Qa8 22. Nd7 Rb5 23. Qc2 Rc8 24. Rxb5 cxb5 25. Qb3 Bc6 26. Ne5 Bxe5 27. dxe5 Qa4
28. Rd1 Qxb3 29. axb3 Bb7 30. Ne2 Re8 31. f4 f6 32. Nc3 fxe5 33. Nxd5 exf4 34.
exf4 Re2 35. g3 Rb2 36. Nxb6 Rxb3 37. Rd8+ Kh7 38. Nd5 Rb1+ 39. Kf2 Rb2+ 40.
Kg1 Bxd5 41. Rxd5 b4 42. Rd6 b3 43. Rb6 Rb1+ 44. Kg2 Rb2+ 45. Kg1 1/2-1/2

[Event "European Youth Chess Championship G14"]
[Site "Prague, Top Hotel Prague"]
[Date "2016.08.20"]
[Round "3.38"]
[White "Greibrokk, Maria"]
[Black "Catal, Uktenur"]
[Result "0-1"]
[WhiteElo "1567"]
[BlackElo "1666"]
[PlyCount "78"]
[EventDate "2016.08.18"]

1. e4 c5 2. Nf3 e6 3. d4 cxd4 4. Nxd4 a6 5. Nc3 b5 6. Bd3 Bb7 7. O-O Qc7 8. Be3
Nf6 9. a3 d6 10. f4 Nbd7 11. Qe2 Be7 12. Kh1 Nc5 13. Bd2 O-O 14. Rae1 Rac8 15.
Rf3 Rb8 16. Rh3 g6 17. e5 dxe5 18. fxe5 Nd5 19. Nxd5 Bxd5 20. Qg4 Nxd3 21. cxd3
f5 22. exf6 Bxf6 23. Bc3 Rbe8 24. Rhe3 e5 25. Nf3 Bxf3 26. gxf3 Qc6 27. Qe4 Qd7
28. Qb4 Qc6 29. Qg4 Bg7 30. Kg2 Rf5 31. d4 Ref8 32. dxe5 Bh6 33. Kf2 Bxe3+ 34.
Rxe3 Rf4 35. Qh3 Qb6 36. Ke2 Qc6 37. e6 Qc4+ 38. Kf2 Rh4 39. b3 Qf4 0-1

[Event "European Youth Chess Championship G14"]
[Site "Prague, Top Hotel Prague"]
[Date "2016.08.20"]
[Round "3.39"]
[White "Vidruk, Mariia"]
[Black "Mura, Marta"]
[Result "1-0"]
[WhiteElo "1665"]
[BlackElo "1483"]
[PlyCount "65"]
[EventDate "2016.08.18"]

1. e4 e6 2. d4 d5 3. Nd2 dxe4 4. Nxe4 Bd7 5. Nf3 Bc6 6. Bd3 Nd7 7. Qe2 Be7 8.
O-O Ngf6 9. Ng3 O-O 10. b3 Nd5 11. Bd2 N7f6 12. c4 Nb4 13. Bc3 Nxd3 14. Qxd3 a6
15. Ne5 Be8 16. Qf3 b5 17. Nc6 Bxc6 18. Qxc6 b4 19. Bb2 Qd6 20. Qf3 Rfd8 21.
Rfe1 a5 22. d5 Rd7 23. dxe6 Rdd8 24. Nf5 Qc5 25. exf7+ Kxf7 26. Rxe7+ Kf8 27.
Rxg7 Ra6 28. Re1 Rd2 29. Bxf6 Rxa2 30. Be7+ Ke8 31. Bxc5+ Kd8 32. Qb7 Re6 33.
Qb8# 1-0

[Event "European Youth Chess Championship G14"]
[Site "Prague, Top Hotel Prague"]
[Date "2016.08.20"]
[Round "3.40"]
[White "Moerwald, Magdalena"]
[Black "Sorensen, Signe Sofie Boss"]
[Result "1-0"]
[WhiteElo "1624"]
[BlackElo "1369"]
[PlyCount "67"]
[EventDate "2016.08.18"]

1. e4 c5 2. Nf3 Nc6 3. d4 cxd4 4. Nxd4 e5 5. Nb5 d6 6. N1c3 a6 7. Na3 b5 8. Nd5
Be7 9. Be3 Be6 10. Bb6 Qb8 11. Nc7+ Kf8 12. Nxa8 Qxa8 13. Be3 Nf6 14. f3 d5 15.
exd5 Nxd5 16. Bd2 Qa7 17. Bd3 Ne3 18. Bxe3 Qxe3+ 19. Qe2 Qd4 20. c3 Qd5 21. O-O
Bc5+ 22. Kh1 Qd8 23. Rfd1 f5 24. Bxb5 Qg5 25. Bxc6 Kf7 26. Bd5 Qf4 27. Bxe6+
Kxe6 28. Qc4+ Qxc4 29. Nxc4 Rb8 30. Re1 Kf6 31. Nxe5 Rd8 32. Nc4 h5 33. Rad1
Rxd1 34. Rxd1 1-0

[Event "European Youth Chess Championship G14"]
[Site "Prague, Top Hotel Prague"]
[Date "2016.08.20"]
[Round "3.41"]
[White "Nilsson, Kajsa 2002"]
[Black "Davidson, Laura"]
[Result "1-0"]
[WhiteElo "1620"]
[BlackElo "1453"]
[PlyCount "69"]
[EventDate "2016.08.18"]

1. e4 e5 2. Nf3 Nc6 3. Bb5 a6 4. Ba4 Nf6 5. d3 b5 6. Bb3 Bc5 7. Nc3 h6 8. Nd5
d6 9. c3 Ba7 10. O-O O-O 11. Be3 Bg4 12. Nxf6+ Qxf6 13. Bd5 Bd7 14. d4 Rfd8 15.
Qc2 Bb6 16. Rad1 Rab8 17. Qd3 Ne7 18. Bb3 Ng6 19. Ne1 Nf4 20. Bxf4 exf4 21. Qf3
Qg5 22. h3 c5 23. Bc2 c4 24. Bb1 a5 25. Nc2 Re8 26. Rfe1 Re6 27. d5 Rg6 28. Nd4
h5 29. e5 Rh6 30. e6 Bc8 31. Nc6 Ra8 32. Qe4 Bd8 33. exf7+ Kxf7 34. Qe8+ Kf6
35. Qf8# 1-0

[Event "European Youth Chess Championship G14"]
[Site "Prague, Top Hotel Prague"]
[Date "2016.08.20"]
[Round "3.42"]
[White "Leonova, Ameliya"]
[Black "Smith, Rachel Lorna"]
[Result "1-0"]
[WhiteElo "1513"]
[BlackElo "1616"]
[PlyCount "57"]
[EventDate "2016.08.18"]

1. e4 d5 2. exd5 Qxd5 3. Nc3 Qd8 4. d4 Nf6 5. Bf4 c6 6. Qd2 Bf5 7. O-O-O e6 8.
Nge2 Bd6 9. Ng3 Bg6 10. h4 h6 11. h5 Bh7 12. Qe3 Qc7 13. Bxd6 Qxd6 14. Bd3 Bxd3
15. Rxd3 Nbd7 16. Nge4 Nxe4 17. Nxe4 Qd5 18. Kb1 Nf6 19. f3 Nxh5 20. c4 Qa5 21.
Ra3 Qb4 22. Rxh5 Ke7 23. Rb3 Qxc4 24. Rxb7+ Kf8 25. Rxf7+ Kg8 26. Nd2 Qa4 27.
b3 Rb8 28. Qxe6 Qxd4 29. Rd7+ 1-0

[Event "European Youth Chess Championship G14"]
[Site "Prague, Top Hotel Prague"]
[Date "2016.08.20"]
[Round "3.43"]
[White "Liiv, Kristiina"]
[Black "Petkova, Denitsa"]
[Result "1-0"]
[WhiteElo "1341"]
[BlackElo "1602"]
[PlyCount "99"]
[EventDate "2016.08.18"]

1. c4 Nf6 2. Nc3 g6 3. Nf3 Bg7 4. g3 O-O 5. Bg2 d5 6. cxd5 Nxd5 7. O-O Nxc3 8.
bxc3 c5 9. Qa4 Qc7 10. Ba3 a6 11. Qh4 h6 12. d4 cxd4 13. cxd4 Nc6 14. Rac1 Qd7
15. Qe4 Qe6 16. Qxe6 Bxe6 17. Rfd1 Bxa2 18. d5 Na7 19. Bxe7 Rfe8 20. d6 Nc6 21.
Rxc6 bxc6 22. Nd4 Bd5 23. Nxc6 Bxg2 24. Kxg2 Bf8 25. Bxf8 Kxf8 26. d7 Red8 27.
Nxd8 Rxd8 28. Rd6 Ke7 29. Rxa6 Rxd7 30. h4 Rd4 31. f3 Kf8 32. h5 Kg7 33. hxg6
fxg6 34. g4 Kf7 35. Kg3 Rc4 36. f4 Rc3+ 37. Kf2 Rh3 38. e3 Rh2+ 39. Kg3 Re2 40.
Kf3 Rh2 41. Ra5 Rh3+ 42. Ke4 Rg3 43. g5 h5 44. Ra7+ Kg8 45. Ke5 Rxe3+ 46. Kf6
Re4 47. Kxg6 Rxf4 48. Ra8+ Rf8 49. Rxf8+ Kxf8 50. Kh7 1-0

[Event "European Youth Chess Championship G14"]
[Site "Prague, Top Hotel Prague"]
[Date "2016.08.20"]
[Round "3.44"]
[White "Jarocka, Liwia"]
[Black "Golsta, Ramona"]
[Result "1-0"]
[WhiteElo "1676"]
[BlackElo "1561"]
[PlyCount "135"]
[EventDate "2016.08.18"]

1. e4 c5 2. Nf3 Nc6 3. d4 cxd4 4. Nxd4 e5 5. Nb5 a6 6. Nd6+ Bxd6 7. Qxd6 Qe7 8.
Qd1 Nf6 9. Nc3 d6 10. Bc4 Be6 11. Bb3 h6 12. Be3 O-O 13. f3 Na5 14. g4 Nxb3 15.
axb3 Nh7 16. h4 Rad8 17. Qd2 Rd7 18. O-O-O b5 19. Nd5 Bxd5 20. Qxd5 Rc8 21. g5
hxg5 22. hxg5 Qe6 23. Qd3 Nf8 24. Kb1 Ng6 25. Rh5 Rcd8 26. Qd2 d5 27. Qa5 d4
28. Bf2 Qc6 29. Qd2 Qe6 30. Rdh1 d3 31. c3 Qxb3 32. Bg3 Qe6 33. Qh2 f6 34. gxf6
gxf6 35. Rh6 f5 36. Qh5 Rg7 37. Rh8+ Nxh8 38. Qxh8+ Kf7 39. Qxd8 d2 40. Bf2
fxe4 41. Bc5 Qe8 42. Qxd2 exf3 43. Qd5+ Qe6 44. Qxf3+ Qf6 45. Qd5+ Kg6 46. Rg1+
Kh7 47. Qe4+ Kg8 48. Rxg7+ Kxg7 49. Kc2 Qe6 50. Qb7+ Kg8 51. Qb8+ Kg7 52. Qf8+
Kg6 53. Qd6 Kf5 54. Qxe6+ Kxe6 55. Kb3 Kd5 56. Bf2 a5 57. Bb6 e4 58. Bxa5 Kc5
59. Bd8 e3 60. Bh4 e2 61. Bf2+ Kd5 62. Kb4 Ke4 63. Kxb5 Kf3 64. Bh4 Kg4 65. Be1
Kf3 66. c4 Ke4 67. c5 Kd5 68. Kb6 1-0

[Event "European Youth Chess Championship G14"]
[Site "Prague, Top Hotel Prague"]
[Date "2016.08.20"]
[Round "3.45"]
[White "Oliveira, Maria Alice Ramos Ma"]
[Black "Dziho, Sadzida"]
[Result "1-0"]
[WhiteElo "1667"]
[BlackElo "1539"]
[PlyCount "35"]
[EventDate "2016.08.18"]

1. e4 c5 2. Nf3 Nc6 3. Bb5 e6 4. O-O Nge7 5. Re1 a6 6. Bxc6 Nxc6 7. d4 cxd4 8.
Nxd4 Qc7 9. Nxc6 dxc6 10. e5 Bc5 11. Qg4 Rg8 12. Nc3 Bd7 13. Ne4 Qxe5 14. Bf4
Qd5 15. Rad1 Qc4 16. Nf6+ gxf6 17. Qxg8+ Bf8 18. Bd6 1-0

[Event "European Youth Chess Championship G14"]
[Site "Prague, Top Hotel Prague"]
[Date "2016.08.20"]
[Round "3.46"]
[White "Lorencova, Michaela"]
[Black "Minko, Olga"]
[Result "1-0"]
[WhiteElo "1491"]
[BlackElo "1622"]
[PlyCount "75"]
[EventDate "2016.08.18"]

1. e4 e5 2. Nf3 Nc6 3. Bc4 Nf6 4. d3 h6 5. c3 g6 6. Be3 d5 7. exd5 Nxd5 8. Qb3
Nxe3 9. fxe3 Qe7 10. O-O Bg7 11. Nbd2 O-O 12. Qc2 Na5 13. Rae1 Nxc4 14. Nxc4
Bf5 15. e4 Bd7 16. Kh1 Kh7 17. Qf2 Bb5 18. b3 Bxc4 19. bxc4 Qa3 20. Rc1 Rad8
21. Qd2 f5 22. exf5 Rxf5 23. Rce1 Rf4 24. Ng1 Rxc4 25. Ne2 e4 26. d4 c5 27. Rf4
e3 28. Qxe3 cxd4 29. Qd2 Ra4 30. Rf7 b6 31. Nxd4 Kg8 32. Rxg7+ Kxg7 33. Ne6+
Kf7 34. Nxd8+ Kf8 35. Qf2+ Kg7 36. Qf7+ Kh8 37. Re8+ Qf8 38. Rxf8# 1-0

[Event "European Youth Chess Championship G14"]
[Site "Prague, Top Hotel Prague"]
[Date "2016.08.20"]
[Round "3.47"]
[White "Moerwald, Miriam"]
[Black "Lagazauri, Tamar"]
[Result "0-1"]
[WhiteElo "1618"]
[BlackElo "1505"]
[PlyCount "102"]
[EventDate "2016.08.18"]

1. e4 c6 2. d4 d5 3. exd5 cxd5 4. Bd3 Nc6 5. c3 Nf6 6. h3 g6 7. Bf4 Bg7 8. Nf3
O-O 9. O-O Re8 10. Re1 e6 11. Nbd2 Nd7 12. Re2 Nb6 13. Qc2 Bd7 14. Rae1 Rc8 15.
Qb1 Na5 16. Ne5 Nac4 17. Ndf3 Nxe5 18. Nxe5 a6 19. Qd1 Bc6 20. Qd2 Nd7 21. Re3
Nxe5 22. Bxe5 Bh6 23. f4 f6 24. Qf2 fxe5 25. Rxe5 Qf6 26. g3 Bd7 27. Kh2 Kh8
28. Rf1 Rf8 29. h4 Qf7 30. Qf3 Bg7 31. Re2 Bb5 32. Bxb5 axb5 33. Qd3 b4 34.
Rfe1 Rfe8 35. Qb5 bxc3 36. bxc3 h6 37. Qd3 Qf5 38. Qb5 Re7 39. Qb6 Rc6 40. Qb4
Qf7 41. Qa3 Kh7 42. Qb3 Rec7 43. Re3 Ra6 44. Qb2 Rcc6 45. R3e2 Qc7 46. Qb1 Rab6
47. Qc1 Bxd4 48. Qa3 Bg7 49. Qa5 Bxc3 50. Rxe6 Rxe6 51. Rxe6 Bxa5 0-1

[Event "European Youth Chess Championship G14"]
[Site "Prague, Top Hotel Prague"]
[Date "2016.08.20"]
[Round "3.48"]
[White "Kvamme, Ingrid Jodre"]
[Black "Nass, Maria"]
[Result "1-0"]
[WhiteElo "1486"]
[BlackElo "1588"]
[PlyCount "87"]
[EventDate "2016.08.18"]

1. Nf3 Nf6 2. c4 g6 3. g3 Bg7 4. Bg2 O-O 5. O-O d6 6. Nc3 c6 7. d3 e5 8. Rb1 a5
9. a3 Re8 10. Nd2 d5 11. b4 Be6 12. b5 Qc8 13. Qb3 Rd8 14. Re1 d4 15. Nce4 c5
16. Nxf6+ Bxf6 17. Ne4 Bg7 18. e3 h6 19. exd4 exd4 20. Bf4 Bf8 21. Nf6+ Kh8 22.
Nd5 Bxd5 23. Bxd5 Kg8 24. Re2 g5 25. Bxb8 Rxb8 26. Rbe1 b6 27. Bc6 Qc7 28. Qd1
Qd6 29. Re4 Qf6 30. Qg4 Qg6 31. Qf3 Bg7 32. Bd5 Rf8 33. h4 Bf6 34. h5 Qg7 35.
Qf5 Kh8 36. g4 Rfd8 37. f4 Rf8 38. Rf1 Kg8 39. fxg5 Bxg5 40. Qg6 Be3+ 41. Kg2
Bg5 42. Rxf7 Rxf7 43. Bxf7+ Kf8 44. Qd6+ 1-0

[Event "European Youth Chess Championship G14"]
[Site "Prague, Top Hotel Prague"]
[Date "2016.08.21"]
[Round "4.1"]
[White "Nestorovic, Katarina"]
[Black "Maltsevskaya, Aleksandra"]
[Result "0-1"]
[WhiteElo "2059"]
[BlackElo "2341"]
[PlyCount "70"]
[EventDate "2016.08.18"]

1. e4 c5 2. Nf3 e6 3. d4 cxd4 4. Nxd4 Nc6 5. Nc3 a6 6. Be3 Nf6 7. Bd3 d5 8.
exd5 exd5 9. Qd2 Ng4 10. O-O-O Be7 11. h3 Nxe3 12. Qxe3 O-O 13. Kb1 Bf6 14.
Nce2 Nxd4 15. Nxd4 Re8 16. Qf4 Be5 17. Qe3 Bf6 18. Qf4 g5 19. Qf3 Bxd4 20.
Bxh7+ Kxh7 21. Rxd4 Be6 22. h4 g4 23. Qd3+ Kg7 24. f3 gxf3 25. gxf3 Qf6 26.
Rg1+ Kh8 27. Qd2 Rg8 28. Rg5 Rxg5 29. hxg5 Qg7 30. Rh4+ Kg8 31. f4 Rc8 32. Qf2
Bf5 33. Qb6 Bxc2+ 34. Ka1 Be4 35. Qe3 Rc2 0-1

[Event "European Youth Chess Championship G14"]
[Site "Prague, Top Hotel Prague"]
[Date "2016.08.21"]
[Round "4.2"]
[White "Beydullayeva, Govhar"]
[Black "Antova, Gabriela"]
[Result "0-1"]
[WhiteElo "1945"]
[BlackElo "2241"]
[PlyCount "76"]
[EventDate "2016.08.18"]

1. d4 d5 2. c4 dxc4 3. Nf3 a6 4. e3 Bg4 5. Bxc4 e6 6. O-O Nf6 7. a3 Nc6 8. b4
Bd6 9. Bb2 O-O 10. Nbd2 e5 11. dxe5 Bxe5 12. Bxe5 Nxe5 13. Be2 Nxf3+ 14. Bxf3
Bxf3 15. Nxf3 Qe7 16. Qb3 Rac8 17. Rac1 Rfd8 18. Rc2 Rd5 19. Rfc1 c6 20. h3
Rcd8 21. Rc4 h6 22. Rd4 Rxd4 23. Nxd4 Rd5 24. a4 Qd6 25. Qb1 g6 26. Nf3 Qe7 27.
Rc4 Qd7 28. Rc1 Qe6 29. Nd4 Qe7 30. Qb2 Ne4 31. f3 Nc5 32. Qa3 Nxa4 33. Nxc6
bxc6 34. Rxc6 Rd1+ 35. Kh2 Nb6 36. Qxa6 Qxe3 37. Rxg6+ fxg6 38. Qa2+ Kf8 0-1

[Event "European Youth Chess Championship G14"]
[Site "Prague, Top Hotel Prague"]
[Date "2016.08.21"]
[Round "4.3"]
[White "Goltseva, Ekaterina"]
[Black "Muetsch, Annmarie"]
[Result "1/2-1/2"]
[WhiteElo "2213"]
[BlackElo "1966"]
[PlyCount "132"]
[EventDate "2016.08.18"]

1. d4 Nf6 2. c4 e6 3. Nc3 Bb4 4. e3 b6 5. Nge2 Ne4 6. Bd2 Nxd2 7. Qxd2 Bb7 8.
a3 Be7 9. d5 e5 10. g3 a5 11. Bg2 d6 12. Qc2 Nd7 13. O-O O-O 14. f4 g6 15. g4
Bc8 16. Ng3 Bh4 17. Nce4 f5 18. gxf5 gxf5 19. Nc3 e4 20. Nce2 Nf6 21. Bh3 Ne8
22. Nd4 Ng7 23. Kh1 Kh8 24. Rg1 Qf6 25. Bf1 Bd7 26. Qg2 Rg8 27. Qh3 Raf8 28.
Be2 Bxg3 29. Rxg3 Ne8 30. Rag1 Rxg3 31. Rxg3 Rg8 32. Bh5 Rxg3 33. Qxg3 Ng7 34.
Be2 Kg8 35. Kg2 Kf8 36. Kf2 Ke7 37. Qh3 h6 38. b4 axb4 39. axb4 Be8 40. Kg3
Qg6+ 41. Kf2 Qf6 42. Ke1 Kd8 43. Kd2 Ke7 44. Qg3 Bd7 45. Qe1 Ne8 46. Qg3 Ng7
47. Qg1 Kf7 48. Qa1 Qe7 49. Qa7 Be8 50. Qb8 Kf6 51. Qc8 Kg6 52. Bd1 Kf6 53. h3
Qd7 54. Qb8 Qe7 55. Qa7 Kg6 56. Be2 Kf6 57. b5 Kg6 58. Nc2 Qd8 59. Nb4 Bd7 60.
Qa1 Kh7 61. Na6 Be8 62. Qg1 Qe7 63. Qa1 Qd8 64. Qg1 Qe7 65. Qa1 Qd8 66. Qg1 Qe7
1/2-1/2